Patrick Montel pour le 4*400 féminin - Statistiques

Statistiques générales
  • Ce quiz a été pris 43 fois
  • Le résultat moyen est 81 sur 172
Statistiques - réponses
Réponse % Correct
a
94%
C’
91%
l’
91%
Et
83%
et
83%
le
83%
est
80%
alors
77%
Alors
77%
elle
77%
Elle
77%
la
77%
La
77%
77%
peu
77%
de
74%
pas
74%
ce
69%
va
69%
Floria
66%
Floria,
66%
Floria !
66%
qu’
63%
les
57%
Les
57%
y
57%
y'
57%
peut-être !
54%
France
49%
on
49%
pour
49%
un
49%
du
46%
il
46%
ça
43%
Ça
43%
français
43%
Guei
43%
passer !
43%
passer
43%
Encore !
40%
que
40%
qui
40%
revient
40%
revient,
40%
Russie
40%
Russie,
40%
être
37%
fois
37%
Grande-Bretagne…
37%
mais
37%
mais…
37%
dans
34%
eu
34%
je
34%
podium
34%
quatre
31%
Ukraine
31%
aura
29%
prendre
29%
trafic,
26%
trafic
26%
très
26%
bâton
23%
donne
23%
dur.
23%
dur
23%
tout
23%
entre
20%
perdu
20%
temps
20%
temps.
20%
dessiné
17%
problème
17%
quatrième,
17%
Russes
17%
Russes,
17%
Russes !
17%
sur
17%
avec
14%
parce
14%
regarder
14%
vrai
14%
bagarre
11%
donner
11%
hein…
11%
Ouais
11%
ouais…
11%
sera…
11%
sera
11%
suffisant.
11%
là-bas.
9%
même.
9%
pense
9%
quand
9%
toujours
9%
Adeoye,
6%
aussi.
6%
battre
6%
juste
6%
malheureusement
6%
possibilité
6%
Heu,
3%
Aucun quiz correspondant
Distribution des résultats
% des personnes avec chaque résultat
Percentile par nombre de réponses
Votre historique - résultats
Vous n’avez pas pris ce quiz